000 00196nam a2200085Ia 4500
008 180219s9999 xx 000 0 und d
100 _aTiwari Ramkalp
245 0 _aManovigyanik Prkiriya
260 _aAgrawalpub
260 _c2012
999 _c42758
_d42758